| 000 | 00506nam a2200169Ia 4500 | ||
|---|---|---|---|
| 999 |
_c11690 _d11690 |
||
| 003 | OSt | ||
| 005 | 20201005100807.0 | ||
| 008 | 190216s9999||||xx |||||||||||||| ||und|| | ||
| 040 | _coclc | ||
| 082 |
_a883.01 _bMAR/S |
||
| 100 |
_aMarvin, F S _94823 |
||
| 245 | 4 |
_aThe Story Of The Iliad / _cF S Marvin ; R J G Mayor ; F M Stawell |
|
| 260 |
_bNational Book Trust India, _c1951. _aBritain: |
||
| 300 | _a222p | ||
| 650 | _aSpeeches | ||
| 942 |
_cBK _2ddc _h883.01 _iMAR/S _k883.01 _mMAR/S |
||